000 00859nam a2200301 a 4500
003 AR-BaBNM
005 20251128203325.0
008 082120s2002 ||||||||||||||000 | spa||
040 _cAR-BaBNM
100 1 _aStern, Alfred
245 0 0 _aLa filosofía de la historia y el problema de los valores
250 _a2ª ed.
260 _aBuenos Aires
_bEudeba
_c1965
300 _a297 p.
490 0 _aTemas de Eudeba. Filosofía
500 _aContiene referencias bibliográficas en p. 286
500 _aIndice de nombres en p. 293
650 4 _aFILOSOFIA DE LA HISTORIA
650 4 _aHISTORIOGRAFIA
650 4 _aVALORES MORALES
650 4 _aMETODO HISTORICO
650 4 _aHISTORIA Y ESTUDIOS CONEXOS
650 4 _aINVESTIGACION HISTORICA
653 _aHISTORICISMO
700 1 _aNudler, Oscar
_etraductor
942 _cBK
998 _cMARTIN
999 _c2898
_d2898